[Event "Titled Tuesday intern op 27th July"]
[Site "Chess.com INT"]
[Date "2021.07.27"]
[Round "5"]
[White "Kazmin, Dmitrij"]
[Black "Feller, Gabriela Luisa Vice"]
[Result "0-1"]
[WhiteElo "2305"]
[BlackElo "1821"]
[PlyCount "74"]
[EventDate "2021.07.27"]
[EventType "swiss (blitz)"]
[EventRounds "11"]
[EventCountry "USA"]
[SourceTitle "CBM 203 Extra"]
[Source "ChessBase"]
[SourceDate "2021.09.30"]
[SourceVersion "1"]
[SourceVersionDate "2021.09.30"]
[SourceQuality "1"]

1. e4 c6 2. d4 d5 3. e5 Bf5 4. Nc3 Qc7 5. g4 Bd7 6. f4 e6 7. Be3 c5 8. Nf3 cxd4 9. Nxd4 Bc5 10. Ndb5 Bxb5 11. Bxb5+ Nd7 12. Bxd7+ Kxd7 13. Qe2 Ne7 14. Qb5+ Qc6 15. Bxc5 Rhc8 16. Bxe7 Kxe7 17. Qxc6 Rxc6 18. 0-0-0 Rac8 19. Rhe1 b5 20. a3 a5 21. Re2 b4 22. axb4 axb4 23. Nb1 Rc4 24. Rf2 f6 25. exf6+ gxf6 26. b3 R4c5 27. Kb2 e5 28. fxe5 fxe5 29. Re1 e4 30. c4 bxc3+ 31. Kc2 Kd6 32. Rf6+ Ke5 33. Rf5+ Ke6 34. Re3 h5 35. Rxh5 Rg8 36. Re2 Rxg4 37. Nxc3 Rf4 0-1

[Event "Titled Tuesday intern op 29th Dec"]
[Site "Chess.com INT"]
[Date "2020.12.29"]
[Round "5"]
[White "Koellner, Ruben Gideon"]
[Black "Kazmin, Dmitrij"]
[Result "1-0"]
[WhiteElo "2412"]
[BlackElo "2305"]
[PlyCount "87"]
[EventDate "2020.12.29"]
[EventType "swiss (blitz)"]
[EventRounds "11"]
[EventCountry "USA"]
[SourceTitle "CBM 200 Extra"]
[Source "ChessBase"]
[SourceDate "2021.03.31"]
[SourceVersion "1"]
[SourceVersionDate "2021.03.31"]
[SourceQuality "1"]

1. d4 f5 2. Bg5 g6 3. h4 Bg7 4. Nc3 h6 5. Bf4 e6 6. e4 Nf6 7. exf5 exf5 8. Bc4 d5 9. Qe2+ Kf7 10. Nf3 Re8 11. Ne5+ Kg8 12. Bd3 Nc6 13. Qe3 Ng4 14. Qf3 Nxd4 15. Qxd5+ Qxd5 16. Nxd5 Nxe5 17. 0-0-0 Nxd3+ 18. Rxd3 Ne2+ 19. Kb1 Nxf4 20. Nxf4 Kh7 21. Rhd1 Be5 22. Nd5 Be6 23. f4 Bxd5 24. Rxd5 Bd6 25. c4 b6 26. b4 a5 27. c5 bxc5 28. bxc5 Rab8+ 29. Kc2 Bxf4 30. Rd7+ Kg8 31. Kc3 Be5+ 32. Kc4 Rb4+ 33. Kd5 Bf6 34. Kc6 Be5 35. Kd5 Bg3 36. Kc6 Rxh4 37. Rd8 Rhe4 38. R8d7 R4e6+ 39. Kb7 c6 40. Ka6 Rb8 41. Ra7 Re4 42. Rdd7 Be5 43. Re7 f4 44. Re6 1-0

[Event "Titled Tuesday intern op 29th Dec"]
[Site "Chess.com INT"]
[Date "2020.12.29"]
[Round "7"]
[White "Reshef, Omer"]
[Black "Kazmin, Dmitrij"]
[Result "0-1"]
[WhiteElo "2495"]
[BlackElo "2305"]
[PlyCount "158"]
[EventDate "2020.12.29"]
[EventType "swiss (blitz)"]
[EventRounds "11"]
[EventCountry "USA"]
[SourceTitle "CBM 200 Extra"]
[Source "ChessBase"]
[SourceDate "2021.03.31"]
[SourceVersion "1"]
[SourceVersionDate "2021.03.31"]
[SourceQuality "1"]

1. e4 e5 2. Nf3 d6 3. c3 Nf6 4. d4 Nc6 5. dxe5 dxe5 6. Qxd8+ Kxd8 7. Bg5 Be6 8. Nbd2 Bd6 9. Bb5 Ke7 10. Bxc6 bxc6 11. 0-0 h6 12. Bh4 g5 13. Bg3 Nd7 14. c4 f6 15. Rfc1 Rab8 16. b3 a5 17. Ne1 Bc5 18. Nd3 Bd4 19. Rab1 h5 20. h3 h4 21. Bh2 Rhg8 22. Kf1 g4 23. hxg4 Bxg4 24. f3 Be6 25. Bg1 c5 26. Bf2 h3 27. g4 Rh8 28. Kg1 h2+ 29. Kg2 Rbg8 30. Rh1 f5 31. Rxh2 Rxh2+ 32. Kxh2 fxg4 33. Rg1 Rh8+ 34. Kg2 gxf3+ 35. Nxf3 Bh3+ 36. Kg3 Nf6 37. Rh1 Nxe4+ 38. Kh2 Bxf2 39. Nxf2 Nxf2 40. Re1 Be6+ 41. Kg2 Ng4 42. Nxe5 Nxe5 43. Rxe5 Kd6 44. Rg5 Rf8 45. Rg7 Rg8 46. Rxg8 Bxg8 47. Kf3 Ke5 48. Ke3 Bh7 49. Kd2 Bb1 50. Kc1 Be4 51. Kd2 Kd4 52. a3 Bc6 53. Kc2 Ke3 54. Kc3 Bd7 55. b4 cxb4+ 56. axb4 axb4+ 57. Kxb4 Kd4 58. Kb3 Kc5 59. Kc3 Be6 60. Kb3 Bxc4+ 61. Kc3 c6 62. Kc2 Bb5 63. Kc1 Kc4 64. Kb1 c5 65. Kc1 Kc3 66. Kb1 c4 67. Kc1 Ba4 68. Kb1 Kb3 69. Kc1 c3 70. Kb1 c2+ 71. Kc1 Kc4 72. Kb2 Kd3 73. Kc1 Bb3 74. Kb2 Kd2 75. Kxb3 c1Q 76. Ka2 Qc6 77. Kb3 Qb5+ 78. Ka3 Kc3 79. Ka2 Qb2# 0-1

[Event "Titled Tuesday intern op 29th Dec"]
[Site "Chess.com INT"]
[Date "2020.12.29"]
[Round "3"]
[White "Rodrigues, Bruno Morado"]
[Black "Kazmin, Dmitrij"]
[Result "0-1"]
[WhiteElo "2033"]
[BlackElo "2305"]
[PlyCount "62"]
[EventDate "2020.12.29"]
[EventType "swiss (blitz)"]
[EventRounds "11"]
[EventCountry "USA"]
[SourceTitle "CBM 200 Extra"]
[Source "ChessBase"]
[SourceDate "2021.03.31"]
[SourceVersion "1"]
[SourceVersionDate "2021.03.31"]
[SourceQuality "1"]

1. d4 f5 2. e4 fxe4 3. Nc3 Nf6 4. Bg5 Nc6 5. d5 Ne5 6. Bxf6 exf6 7. Nxe4 f5 8. Nc3 Bc5 9. Nf3 Ng4 10. Qe2+ Kf7 11. 0-0-0 Re8 12. Qc4 d6 13. Qf4 Bxf2 14. Kb1 Be3 15. Qg3 f4 16. Qh4 Qxh4 17. Nxh4 Nf2 18. Bd3 Nxd1 19. Rxd1 Kg8 20. Rf1 g5 21. Nf3 h6 22. Ne2 c5 23. h4 Bg4 24. hxg5 Bxf3 25. Rxf3 hxg5 26. Rh3 Re7 27. Rh6 Rd8 28. a4 Rg7 29. Nc3 g4 30. Ne4 f3 31. gxf3 g3 0-1

[Event "Titled Tuesday intern op 29th Dec"]
[Site "Chess.com INT"]
[Date "2020.12.29"]
[Round "10"]
[White "Vifleemskaia, Svetlana"]
[Black "Kazmin, Dmitrij"]
[Result "1/2-1/2"]
[WhiteElo "1926"]
[BlackElo "2305"]
[PlyCount "45"]
[EventDate "2020.12.29"]
[EventType "swiss (blitz)"]
[EventRounds "11"]
[EventCountry "USA"]
[SourceTitle "CBM 200 Extra"]
[Source "ChessBase"]
[SourceDate "2021.03.31"]
[SourceVersion "1"]
[SourceVersionDate "2021.03.31"]
[SourceQuality "1"]

1. d4 f5 2. c4 Nf6 3. Nf3 g6 4. b4 Bg7 5. Bb2 0-0 6. e3 d6 7. Qb3 Kh8 8. Nc3 Be6 9. d5 Bg8 10. Bd3 e5 11. dxe6 Bxe6 12. 0-0 Nbd7 13. Nd5 c6 14. Nf4 Bg8 15. Rfd1 Qe7 16. Be2 a5 17. a3 a4 18. Qc2 Ne5 19. Rac1 Bf7 20. Ng5 Bg8 21. Nf3 Bf7 22. Ng5 Bg8 23. Nf3 1/2-1/2

[Event "Titled Tuesday intern op 10th Nov"]
[Site "Chess.com INT"]
[Date "2020.11.10"]
[Round "3"]
[White "Kazmin, Dmitrij"]
[Black "Boulos, Carlos"]
[Result "1-0"]
[WhiteElo "2305"]
[BlackElo "2166"]
[PlyCount "51"]
[EventDate "2020.11.10"]
[EventType "swiss (blitz)"]
[EventRounds "11"]
[EventCountry "USA"]
[SourceTitle "CBM 199 Extra"]
[Source "ChessBase"]
[SourceDate "2021.01.31"]
[SourceVersion "1"]
[SourceVersionDate "2021.01.31"]
[SourceQuality "1"]

1. e4 e5 2. Nf3 Nc6 3. Bb5 f5 4. Nc3 fxe4 5. Nxe4 d5 6. Nxe5 dxe4 7. Nxc6 Qd5 8. c4 Qd6 9. Nxa7+ Bd7 10. Bxd7+ Qxd7 11. Qh5+ g6 12. Qe5+ Kf7 13. Nb5 Bg7 14. Qxc7 Qxc7 15. Nxc7 Nf6 16. Nxa8 Rxa8 17. 0-0 Nd7 18. f3 exf3 19. Rxf3+ Ke6 20. d3 Ne5 21. Re3 Kf5 22. Bd2 g5 23. Rf1+ Kg6 24. Bc3 Nc6 25. Re6+ Kh5 26. Bxg7 1-0

[Event "Titled Tuesday intern op 27th Oct"]
[Site "Chess.com INT"]
[Date "2020.10.27"]
[Round "3"]
[White "Javakhishvili, Lela"]
[Black "Kazmin, Dmitrij"]
[Result "1-0"]
[WhiteElo "2473"]
[BlackElo "2305"]
[PlyCount "59"]
[EventDate "2020.10.27"]
[EventType "swiss (blitz)"]
[EventRounds "11"]
[EventCountry "USA"]
[SourceTitle "CBM 199 Extra"]
[Source "ChessBase"]
[SourceDate "2021.01.31"]
[SourceVersion "1"]
[SourceVersionDate "2021.01.31"]
[SourceQuality "1"]

1. d4 f5 2. Nc3 Nf6 3. Bg5 d5 4. Bxf6 exf6 5. e3 Be6 6. Bd3 Bd6 7. Qf3 c6 8. Bxf5 Bxf5 9. Qxf5 0-0 10. Nge2 g6 11. Qd3 b5 12. h4 b4 13. Nb1 f5 14. Nd2 Nd7 15. h5 Nf6 16. hxg6 hxg6 17. 0-0-0 Kg7 18. f3 Qa5 19. Kb1 Rae8 20. Nb3 Qc7 21. Rde1 Qe7 22. Nec1 Bg3 23. Re2 Rh8 24. Rd1 Rh2 25. Qa6 Qc7 26. Nd3 Nd7 27. Nxb4 Nb6 28. Nc5 Bf4 29. exf4 Rxe2 30. Qxe2 1-0

[Event "Titled Tuesday intern op 27th Oct"]
[Site "Chess.com INT"]
[Date "2020.10.27"]
[Round "5"]
[White "Kapitanchuk, Tomas"]
[Black "Kazmin, Dmitrij"]
[Result "1-0"]
[WhiteElo "2320"]
[BlackElo "2305"]
[PlyCount "83"]
[EventDate "2020.10.27"]
[EventType "swiss (blitz)"]
[EventRounds "11"]
[EventCountry "USA"]
[SourceTitle "CBM 199 Extra"]
[Source "ChessBase"]
[SourceDate "2021.01.31"]
[SourceVersion "1"]
[SourceVersionDate "2021.01.31"]
[SourceQuality "1"]

1. e4 c5 2. Nf3 d6 3. Bb5+ Bd7 4. Bxd7+ Qxd7 5. c4 Nc6 6. d4 cxd4 7. Nxd4 Nf6 8. Nc3 e6 9. 0-0 Be7 10. Be3 0-0 11. Rc1 Ne5 12. b3 a6 13. a4 Rfd8 14. h3 Ng6 15. f4 d5 16. cxd5 exd5 17. e5 Ne4 18. Nxe4 dxe4 19. Qc2 Ba3 20. Rcd1 Rac8 21. Qxe4 Qe7 22. Nf5 Qe6 23. h4 Qxb3 24. Rxd8+ Rxd8 25. h5 Nf8 26. h6 g6 27. Nd6 Bxd6 28. exd6 Qe6 29. Qd4 f6 30. Rd1 Nd7 31. Bf2 Nf8 32. Qb4 Rd7 33. Qc5 a5 34. Qb6 g5 35. fxg5 fxg5 36. Qxa5 Rxd6 37. Qxg5+ Ng6 38. Rc1 Rc6 39. Re1 Qf7 40. Qd8+ Nf8 41. Re7 Rc1+ 42. Be1 1-0

[Event "Titled Tuesday intern op 20th Oct"]
[Site "Chess.com INT"]
[Date "2020.10.20"]
[Round "1"]
[White "Hansen, Sune Berg"]
[Black "Kazmin, Dmitrij"]
[Result "1-0"]
[WhiteElo "2557"]
[BlackElo "2305"]
[PlyCount "59"]
[EventDate "2020.10.20"]
[EventType "swiss (blitz)"]
[EventRounds "11"]
[EventCountry "USA"]
[SourceTitle "EXT 2022"]
[Source "ChessBase"]
[SourceDate "2021.10.06"]
[SourceVersion "1"]
[SourceVersionDate "2021.10.06"]
[SourceQuality "1"]

1. e4 c5 2. Nf3 d6 3. Bb5+ Nc6 4. 0-0 e5 5. c3 a6 6. Bxc6+ bxc6 7. d4 cxd4 8. cxd4 Qc7 9. Be3 Nf6 10. Nbd2 Be6 11. Rc1 Bg4 12. Qa4 Bd7 13. dxe5 dxe5 14. Bc5 Bxc5 15. Rxc5 0-0 16. Nxe5 Rfe8 17. Ndf3 Re6 18. Rfc1 Be8 19. Nxc6 Nxe4 20. R5c4 Rd8 21. Rxe4 Rxe4 22. Qxe4 Bxc6 23. Qe5 Qb7 24. Nh4 g6 25. h3 Qb6 26. Qf6 Qb5 27. Rxc6 Rd1+ 28. Kh2 Qb8+ 29. f4 Rd2 30. Nf3 1-0

[Event "Titled Tuesday intern op 20th Oct"]
[Site "Chess.com INT"]
[Date "2020.10.20"]
[Round "7"]
[White "Kazmin, Dmitrij"]
[Black "Brunner, Nicolas"]
[Result "0-1"]
[WhiteElo "2305"]
[BlackElo "2431"]
[PlyCount "64"]
[EventDate "2020.10.20"]
[EventType "swiss (blitz)"]
[EventRounds "11"]
[EventCountry "USA"]
[SourceTitle "EXT 2022"]
[Source "ChessBase"]
[SourceDate "2021.10.06"]
[SourceVersion "1"]
[SourceVersionDate "2021.10.06"]
[SourceQuality "1"]

1. e4 c5 2. c3 d5 3. exd5 Qxd5 4. d4 Nf6 5. Nf3 e6 6. Be2 Nc6 7. 0-0 cxd4 8. cxd4 Be7 9. Nc3 Qd6 10. a3 0-0 11. b4 b6 12. Nb5 Qd7 13. Bb2 Bb7 14. Ne5 Nxe5 15. dxe5 Nd5 16. Nd4 Rac8 17. Bf3 Rc4 18. Qd2 Rfc8 19. Rad1 h6 20. h3 Bg5 21. Qe1 Nf4 22. Nf5 Qc7 23. Nd6 Bxf3 24. gxf3 Nxh3+ 25. Kh2 Rh4 26. Nxc8 Nxf2+ 27. Kg2 Nxd1 28. Qxd1 Qxc8 29. Qd6 Qc2+ 30. Rf2 Rh2+ 31. Kxh2 Qxf2+ 32. Kh1 Qxb2 0-1

[Event "Titled Tuesday intern op 22nd Sept"]
[Site "Chess.com INT"]
[Date "2020.09.22"]
[Round "7"]
[White "Blackman, Justin"]
[Black "Kazmin, Dmitrij"]
[Result "0-1"]
[WhiteElo "2192"]
[BlackElo "2305"]
[PlyCount "88"]
[EventDate "2020.09.22"]
[EventType "swiss (blitz)"]
[EventRounds "10"]
[EventCountry "USA"]
[SourceTitle "CBM 198 Extra"]
[Source "ChessBase"]
[SourceDate "2020.11.30"]
[SourceVersion "1"]
[SourceVersionDate "2020.11.30"]
[SourceQuality "1"]

1. e4 c5 2. Nf3 d6 3. d4 cxd4 4. Nxd4 Nf6 5. Nc3 Nc6 6. Bg5 Bd7 7. Qd2 Rc8 8. 0-0-0 Nxd4 9. Bxf6 Nb3+ 10. axb3 gxf6 11. f4 Qa5 12. Kb1 Qc5 13. f5 h5 14. Be2 b5 15. Rhf1 Bh6 16. Qd3 h4 17. Rf3 Kf8 18. Nd5 a5 19. c3 Bg5 20. b4 axb4 21. cxb4 Qa7 22. Nxe7 Ra8 23. Qxd6 Qa2+ 24. Kc2 Qa4+ 25. b3 Qa2+ 26. Kc3 Kg7 27. Bd3 Rhc8+ 28. Nxc8 Rxc8+ 29. Qc5 Rxc5+ 30. bxc5 Qa5+ 31. Kb2 b4 32. Bc4 Qa3+ 33. Kc2 Qa2+ 34. Kd3 Qb2 35. Rff1 Bc6 36. Rfe1 Qc3+ 37. Ke2 Bxe4 38. Kf1 Qe5 39. Kg1 h3 40. gxh3 Bf4 41. Re2 Bxh2+ 42. Kf1 Qf4+ 43. Ke1 Bg3+ 44. Rf2 Qxf2# 0-1

[Event "Titled Tuesday intern op 15th Sept"]
[Site "Chess.com INT"]
[Date "2020.09.15"]
[Round "10"]
[White "Kaminski, Victor Kazimierz"]
[Black "Kazmin, Dmitrij"]
[Result "1-0"]
[WhiteElo "2247"]
[BlackElo "2305"]
[PlyCount "67"]
[EventDate "2020.09.15"]
[EventType "swiss (blitz)"]
[EventRounds "10"]
[EventCountry "USA"]
[SourceTitle "CBM 198 Extra"]
[Source "ChessBase"]
[SourceDate "2020.11.30"]
[SourceVersion "1"]
[SourceVersionDate "2020.11.30"]
[SourceQuality "1"]

1. e4 e5 2. Nf3 d6 3. Bc4 Be7 4. 0-0 Nf6 5. d3 0-0 6. Nc3 c6 7. h3 d5 8. Bb3 d4 9. Ne2 Qc7 10. Ng3 Be6 11. Nh2 a5 12. a4 Nbd7 13. Ng4 Nxg4 14. hxg4 Nc5 15. Bxe6 Nxe6 16. Nf5 g6 17. Nxe7+ Qxe7 18. g3 Kg7 19. Kg2 Rh8 20. Rh1 h6 21. Bd2 Rh7 22. Qe1 b6 23. f4 exf4 24. gxf4 Qd7 25. Qg3 Rah8 26. Raf1 c5 27. b3 h5 28. f5 Nf8 29. Bg5 f6 30. Bxf6+ Kxf6 31. fxg6+ Kxg6 32. gxh5+ Kh6 33. Rf6+ Ng6 34. Rxg6# 1-0

[Event "Titled Tuesday intern op 15th Sept"]
[Site "Chess.com INT"]
[Date "2020.09.15"]
[Round "2"]
[White "Kazmin, Dmitrij"]
[Black "Nitish, Belurkar"]
[Result "1/2-1/2"]
[WhiteElo "2305"]
[BlackElo "2351"]
[PlyCount "91"]
[EventDate "2020.09.15"]
[EventType "swiss (blitz)"]
[EventRounds "10"]
[EventCountry "USA"]
[SourceTitle "CBM 198 Extra"]
[Source "ChessBase"]
[SourceDate "2020.11.30"]
[SourceVersion "1"]
[SourceVersionDate "2020.11.30"]
[SourceQuality "1"]

1. e3 Nf6 2. c4 g6 3. Nf3 Bg7 4. Nc3 d6 5. Be2 0-0 6. d4 Nbd7 7. 0-0 e5 8. b3 Re8 9. dxe5 Nxe5 10. Bb2 Bd7 11. Nd4 Qc8 12. Qc2 h6 13. Rad1 h5 14. Rfe1 h4 15. Nf3 h3 16. Nxe5 dxe5 17. g3 Bc6 18. e4 Bd7 19. Nd5 c6 20. Ne3 Ng4 21. Nxg4 Bxg4 22. f3 Be6 23. Rd6 Qc7 24. Red1 Rad8 25. c5 b6 26. Ba3 Bf8 27. cxb6 axb6 28. Rxc6 Rxd1+ 29. Bxd1 Qd7 30. Bxf8 Rxf8 31. Be2 Qd4+ 32. Kf1 Rd8 33. Qc3 Qd7 34. Rxb6 Qa7 35. Ra6 Qb8 36. b4 Rc8 37. Qd2 Rd8 38. Qg5 Rd4 39. Rxe6 fxe6 40. Qxg6+ Kh8 41. Qh6+ Kg8 42. Qxe6+ Kh8 43. Qf6+ Kg8 44. Qe6+ Kh8 45. Qf6+ Kg8 46. Qe6+ 1/2-1/2

[Event "Titled Tuesday intern op 08th Sept"]
[Site "Chess.com INT"]
[Date "2020.09.08"]
[Round "8"]
[White "Kazmin, Dmitrij"]
[Black "Fajdetic, Hrvoje"]
[Result "0-1"]
[WhiteElo "2305"]
[BlackElo "2151"]
[PlyCount "80"]
[EventDate "2020.09.08"]
[EventType "swiss (blitz)"]
[EventRounds "10"]
[EventCountry "USA"]
[SourceTitle "CBM 198 Extra"]
[Source "ChessBase"]
[SourceDate "2020.11.30"]
[SourceVersion "1"]
[SourceVersionDate "2020.11.30"]
[SourceQuality "1"]

1. e4 d6 2. d4 Nf6 3. Nc3 Nbd7 4. f4 e5 5. Bc4 exd4 6. Qxd4 g6 7. e5 dxe5 8. fxe5 Qe7 9. Nf3 Bg7 10. Bg5 h6 11. Nd5 Nxd5 12. Bxe7 Nxe7 13. Bb5 c6 14. Bc4 0-0 15. 0-0-0 Nf5 16. Qc3 b5 17. Bd3 Ne3 18. Rd2 Nd5 19. Qd4 Re8 20. Re1 Nf8 21. c4 Ne6 22. Qh4 Ndf4 23. Be4 g5 24. Qf2 Nc5 25. Bxc6 Ncd3+ 26. Rxd3 Nxd3+ 27. Kc2 Nxf2 28. Bxe8 Bf5+ 29. Kc3 Rxe8 30. Kd4 g4 31. cxb5 gxf3 32. gxf3 Rxe5 33. Rxe5 Nd3 34. f4 Nxe5 35. fxe5 Bc8 36. a4 h5 37. b4 Bf8 38. Kc4 Be6+ 39. Kd4 Bxb4 40. a5 Bxa5 0-1

[Event "Titled Tuesday intern op 01st Sept"]
[Site "Chess.com INT"]
[Date "2020.09.01"]
[Round "10"]
[White "Kazmin, Dmitrij"]
[Black "Baches Garcia, Guillermo"]
[Result "1-0"]
[WhiteElo "2305"]
[BlackElo "2329"]
[PlyCount "117"]
[EventDate "2020.09.01"]
[EventType "swiss (blitz)"]
[EventRounds "10"]
[EventCountry "USA"]
[SourceTitle "CBM 198 Extra"]
[Source "ChessBase"]
[SourceDate "2020.11.30"]
[SourceVersion "1"]
[SourceVersionDate "2020.11.30"]
[SourceQuality "1"]

1. e4 c5 2. Nf3 d6 3. d4 cxd4 4. Nxd4 Nf6 5. Nc3 Nc6 6. h3 g6 7. Nde2 Bg7 8. g3 0-0 9. Bg2 Rb8 10. 0-0 b5 11. a3 a5 12. Be3 b4 13. axb4 axb4 14. Na4 Nd7 15. Rb1 Ba6 16. Re1 Nce5 17. b3 Bb5 18. Nd4 Bxa4 19. bxa4 Qc8 20. Nb5 Nc5 21. Rxb4 Nxa4 22. Rxa4 Rxb5 23. Ra7 Bf6 24. Bd4 Nc6 25. Bxf6 Nxa7 26. Bxe7 Re8 27. Bxd6 Nc6 28. Qd3 Rb2 29. e5 Nb4 30. Qb5 Nxc2 31. Qxb2 Nxe1 32. Bd5 Qc2 33. Qb5 Qc8 34. Qb3 Qd7 35. Qd1 Nc2 36. Qxc2 Rc8 37. Qd1 Qxh3 38. Bg2 Qe6 39. Qd5 Kg7 40. Qxe6 fxe6 41. Bh3 Kf7 42. Kg2 h5 43. Kf3 Rc4 44. Ke3 Rc3+ 45. Ke2 Rb3 46. Bg2 Rb2+ 47. Kf3 Rb3+ 48. Ke4 Rb2 49. Bc5 Rc2 50. Be3 Ra2 51. Kd4 Ra4+ 52. Kc5 h4 53. gxh4 Rxh4 54. Kd6 Rh2 55. Be4 Rh8 56. Kd7 Re8 57. Bxg6+ Kxg6 58. Kxe8 Kf5 59. Ke7 1-0

[Event "Titled Tuesday intern op 01st Sept"]
[Site "Chess.com INT"]
[Date "2020.09.01"]
[Round "7"]
[White "Le Goff, Ronan"]
[Black "Kazmin, Dmitrij"]
[Result "1-0"]
[WhiteElo "2267"]
[BlackElo "2305"]
[PlyCount "77"]
[EventDate "2020.09.01"]
[EventType "swiss (blitz)"]
[EventRounds "10"]
[EventCountry "USA"]
[SourceTitle "CBM 198 Extra"]
[Source "ChessBase"]
[SourceDate "2020.11.30"]
[SourceVersion "1"]
[SourceVersionDate "2020.11.30"]
[SourceQuality "1"]

1. d4 f5 2. Bf4 Nf6 3. e3 g6 4. h4 h6 5. Bd3 Bg7 6. Qf3 e6 7. Nd2 d5 8. Ne2 Nc6 9. c3 Ne4 10. Bxe4 dxe4 11. Qg3 Qf6 12. Bxc7 Bd7 13. Nc4 0-0 14. Ne5 Be8 15. Nxc6 Bxc6 16. Nf4 Kh7 17. Be5 Qf7 18. Bxg7 Kxg7 19. 0-0-0 Rac8 20. Kb1 Kh7 21. f3 exf3 22. gxf3 Rg8 23. Ka1 a5 24. Rhe1 Rcf8 25. Nd3 a4 26. Ne5 Qc7 27. a3 Be8 28. e4 fxe4 29. fxe4 b5 30. Rf1 Qb7 31. Ng4 Kg7 32. Qe5+ Kh7 33. Nf6+ Rxf6 34. Rxf6 b4 35. cxb4 Qc6 36. Rdf1 Qc2 37. Rf7+ Bxf7 38. Rxf7+ Rg7 39. Qxg7# 1-0

[Event "Titled Tuesday intern op 01st Sept"]
[Site "Chess.com INT"]
[Date "2020.09.01"]
[Round "5"]
[White "Tomb, Maroun"]
[Black "Kazmin, Dmitrij"]
[Result "1/2-1/2"]
[WhiteElo "2084"]
[BlackElo "2305"]
[PlyCount "62"]
[EventDate "2020.09.01"]
[EventType "swiss (blitz)"]
[EventRounds "10"]
[EventCountry "USA"]
[SourceTitle "CBM 198 Extra"]
[Source "ChessBase"]
[SourceDate "2020.11.30"]
[SourceVersion "1"]
[SourceVersionDate "2020.11.30"]
[SourceQuality "1"]

1. e4 e5 2. Nf3 d6 3. Bc4 Be7 4. Nc3 Nf6 5. d4 exd4 6. Nxd4 0-0 7. 0-0 Re8 8. a4 c6 9. f3 Bf8 10. a5 Nbd7 11. Re1 Ne5 12. Bb3 Qc7 13. Be3 Bd7 14. Qd2 b6 15. axb6 axb6 16. Rxa8 Rxa8 17. h3 b5 18. f4 Ng6 19. Nf5 b4 20. Na4 Nxe4 21. Qd4 Bxf5 22. g4 c5 23. Qd5 Rxa4 24. Bxa4 Ne7 25. Qa8 Bg6 26. f5 d5 27. fxg6 Qg3+ 28. Kf1 Qf3+ 29. Kg1 Qg3+ 30. Kf1 Qf3+ 31. Kg1 Qg3+ 1/2-1/2

[Event "Titled Tuesday intern op 3rd Sept"]
[Site "Chess.com INT"]
[Date "2019.09.03"]
[Round "3"]
[White "De Abreu, Roberto N"]
[Black "Kazmin, Dmitrij"]
[Result "0-1"]
[WhiteElo "2127"]
[BlackElo "2305"]
[PlyCount "117"]
[EventDate "2019.09.03"]
[EventType "swiss (blitz)"]
[EventRounds "10"]
[EventCountry "USA"]
[SourceTitle "EXT 2021"]
[Source "ChessBase"]
[SourceDate "2020.10.23"]
[SourceVersion "1"]
[SourceVersionDate "2020.10.23"]
[SourceQuality "1"]

1. e4 d6 2. d4 Nf6 3. Nc3 e5 4. Nf3 Nbd7 5. Bc4 Be7 6. 0-0 0-0 7. a4 c6 8. h3 h6 9. Be3 Nh7 10. Ne2 Ng5 11. Ng3 Nb6 12. Bb3 exd4 13. Nxd4 Ne6 14. Ndf5 Re8 15. a5 Nd7 16. Bxe6 fxe6 17. Nxd6 Rf8 18. e5 Nxe5 19. Nxc8 Qxc8 20. Qe2 Nd7 21. Bd4 Nf6 22. Rfe1 Bd6 23. Qxe6+ Qxe6 24. Rxe6 Bxg3 25. fxg3 Nd5 26. c4 Nb4 27. Bc5 Nc2 28. Rc1 Rf5 29. Bf2 Nb4 30. Re7 Rxf2 31. Kxf2 Nd3+ 32. Ke3 Nxc1 33. Rxb7 c5 34. Kd2 Na2 35. Rc7 Nb4 36. Rxc5 Na6 37. Rc6 Nb4 38. Rc7 a6 39. Kc3 Rb8 40. Ra7 Kf8 41. b3 Kg8 42. g4 Kf8 43. g3 Kg8 44. h4 Kf8 45. g5 hxg5 46. hxg5 g6 47. g4 Kg8 48. Rd7 Kh8 49. c5 Kg8 50. Rd6 Kf7 51. Rb6 Nd5+ 52. Kc4 Nxb6+ 53. axb6 Ke7 54. c6 Rxb6 55. Kc5 Rxb3 56. c7 Rc3+ 57. Kb6 Kd7 58. Kxa6 Rxc7 59. Kb6 0-1

[Event "Titled Tuesday intern op 3rd Sept"]
[Site "Chess.com INT"]
[Date "2019.09.03"]
[Round "10"]
[White "Kazmin, Dmitrij"]
[Black "Della Morte, German"]
[Result "0-1"]
[WhiteElo "2305"]
[BlackElo "2361"]
[PlyCount "68"]
[EventDate "2019.09.03"]
[EventType "swiss (blitz)"]
[EventRounds "10"]
[EventCountry "USA"]
[SourceTitle "EXT 2021"]
[Source "ChessBase"]
[SourceDate "2020.10.23"]
[SourceVersion "1"]
[SourceVersionDate "2020.10.23"]
[SourceQuality "1"]

1. e4 Nc6 2. d4 d6 3. d5 Nb8 4. c4 Nf6 5. Nc3 g6 6. Nf3 Bg7 7. Be2 0-0 8. 0-0 c6 9. h3 a6 10. Bg5 Nbd7 11. Qd2 Nc5 12. Bd3 cxd5 13. cxd5 b5 14. b4 Na4 15. Nxa4 bxa4 16. Rac1 Bd7 17. Rfe1 Qb6 18. a3 a5 19. b5 Rac8 20. Rc6 Bxc6 21. dxc6 Qc5 22. e5 dxe5 23. Rxe5 Qxa3 24. Bf1 Qb4 25. Qc1 a3 26. Bd2 Qb2 27. Qe1 Nd5 28. Rxd5 a2 29. Bc3 Bxc3 30. Qxe7 a1Q 31. Ng5 Qxf1+ 32. Kxf1 Qc1+ 33. Ke2 Qe1+ 34. Kf3 Qxe7 0-1

[Event "Titled Tuesday intern op 3rd Sept"]
[Site "Chess.com INT"]
[Date "2019.09.03"]
[Round "5"]
[White "Kazmin, Dmitrij"]
[Black "Knight, Simon"]
[Result "1-0"]
[WhiteElo "2305"]
[BlackElo "2090"]
[PlyCount "57"]
[EventDate "2019.09.03"]
[EventType "swiss (blitz)"]
[EventRounds "10"]
[EventCountry "USA"]
[SourceTitle "EXT 2021"]
[Source "ChessBase"]
[SourceDate "2020.10.23"]
[SourceVersion "1"]
[SourceVersionDate "2020.10.23"]
[SourceQuality "1"]

1. e4 c6 2. d4 d5 3. e5 Bf5 4. Nc3 e6 5. g4 Bg6 6. Nge2 Ne7 7. Be3 h5 8. Nf4 hxg4 9. Nxg6 Nxg6 10. Qxg4 Na6 11. Bd3 Ne7 12. a3 g6 13. Bg5 Qc7 14. Bf6 Rh5 15. 0-0-0 Nf5 16. Kb1 Qb6 17. Ka2 Qa5 18. Bxa6 bxa6 19. Rd3 Rb8 20. Nb1 Qb5 21. Rb3 Qc4 22. Nd2 Qxb3+ 23. Nxb3 a5 24. h4 Kd7 25. Qe2 a4 26. Nc5+ Ke8 27. Qa6 Bxc5 28. dxc5 Nd4 29. Qxa7 1-0